000 00501cam a22001577a 4500
008 180718b2007 xxu||||| |||| 00| 0 eng d
020 _a8189640305
082 _aAB43 M924
245 _aBuddhism and the contemporary world: and Ambedkarian perspective
_cedited by Bhalchandra Mungekar and Aakash Singh Rathore
260 _aNew Delhi
_bBookwell
_c2007
300 _a218p.
650 _aBuddhist philosophy
650 _aBuddhism
700 _aRathore, Aakash Singh
700 _aMungekar, Bhalchandra
999 _c406444
_d406444